PORLA serves to lead the oil palm industry.
| Corporate Author: | |
|---|---|
| Format: | Book |
| Published: |
Kelana Jaya:
PORLA,
[199-].
|
| Subjects: |
| LEADER | 00489cam a2200169 7i4500 | ||
|---|---|---|---|
| 001 | 0000004410 | ||
| 005 | 19991025090000.0 | ||
| 002 | ##000005902 | ||
| 020 | 0 | 0 | |a T000004882 |
| 090 | 0 | 0 | |a M 633.851 |b MIN |
| 110 | 1 | 0 | |a Ministry of Primary Industries Malaysia |
| 245 | 1 | 0 | |a PORLA serves to lead the oil palm industry. |
| 260 | 0 | 0 | |a Kelana Jaya: |b PORLA, |c [199-]. |
| 300 | 0 | 0 | |a 16 p.. |
| 650 | 0 | 0 | |a Palm oil -- |z Malaysia |
| 651 | 0 | 0 | |a Malaysia |
| 999 | |a 0000007100 |b Book |c Open shelf |e Business Information Centre | ||